000
00257nam a22001217a 4500
020
_a
0-7214-1998-4
082
_a
823
_b
LAD/I
100
_a
LADY BIRD
245
_a
I LIKE CARS
260
_a
LONDON
_b
LADY BIRD
650
_a
ENGLISH SHORT STORY
_z
UK
942
_c
BK
999
_c
2378
_d
2378